| 000 | 00813nam a2200217Ii 4500 | ||
|---|---|---|---|
| 003 | JO-AjNU | ||
| 008 | 230605s9999||||xx |||||||||||||| ||und|| | ||
| 017 | _a2006/8/245 | ||
| 040 |
_aJO-AjNU _bara _erda _cJO-AjNU |
||
| 041 | _aara | ||
| 050 | 1 | 4 | _aPJ7561.A2898 2006 |
| 100 | 3 |
_aأبو لبن، زياد, _eauthor _949316 |
|
| 245 | 0 | 0 | _aرؤيا من الداخل (2) حوارات مع الشعراء |
| 250 | _aط1 | ||
| 264 | 3 | 1 | _aعمان:دار فضاءات للنشر والتوزيع والطباعة،2006 |
| 300 | _aج2، 160ص | ||
| 336 |
_atext _btxt _2rdacontent |
||
| 337 |
_aunmediated _bn _2rdamedia |
||
| 338 |
_avolume _bnc _2rdacarrier |
||
| 650 | 4 |
_aالشعر العربي-الأردن-تاريخ و نقد -فلسطين- شعراء عرب-القرن العشرون-مقابلات _949317 |
|
| 999 |
_aA21653 _c25221 _d25221 |
||